| 000 | 01100cam a2200313 i 4500 | ||
|---|---|---|---|
| 001 | 000014683 | ||
| 003 | DO-SdBNP | ||
| 005 | 20260312120936.0 | ||
| 007 | ta | ||
| 008 | 910720s1990 cu b 000 0 spa | ||
| 040 |
_aDO-SdBNP _bspa _cBNPHU _espa |
||
| 041 | _aspa | ||
| 049 | _aBNGR | ||
| 082 | 4 |
_a305.89607291 _bF363n _222 |
|
| 100 | 1 |
_aFernández Robaina, Tomás, _d1941- _eautor _4aut. _933279 |
|
| 245 | 1 | 3 |
_aEl negro en Cuba, 1902-1958 : _bapuntes para la historia de la lucha contra la discriminación racial / _cTomás Fernández Robaina. |
| 264 | 1 |
_aLa Habana : _bCiencias Sociales, _c1990. |
|
| 300 |
_a225 páginas ; _c18 cm. |
||
| 336 |
_atexto _btext _2rdacontent |
||
| 337 |
_asin mediación _bn _2rdamedia |
||
| 338 |
_avolumen _bnc _2rdacarrier |
||
| 490 | 1 | _aSociología | |
| 500 | _aIncluye referencias bibliográficas y notas al pie de las páginas. | ||
| 504 | _aBibliografías : páginas 210-225. | ||
| 650 | 4 |
_aCuba _xCondiciones sociales _ySiglo XX _933280 |
|
| 650 | 4 |
_aDiscriminación racial _zCuba _92280 |
|
| 910 | _aCatalogación por copia / LC | ||
| 942 |
_2ddc _cLBS1 |
||
| 999 |
_c14267 _d14267 |
||